| 000 | 00316 a2200145 4500 | ||
|---|---|---|---|
| 003 | Nust | ||
| 005 | 20170207154214.0 | ||
| 040 | _cNust | ||
| 082 | _a940 | ||
| 100 | _aAlmanack | ||
| 245 |
_aCalendar _bAlmanack 1924 _cAlmanack |
||
| 260 |
_bPunchs Almanack _c1924 |
||
| 300 | _a708p; | ||
| 538 | _aAlmirah No.134 Shelf No.4 | ||
| 942 |
_2ddc _cBK |
||
| 999 |
_c195008 _d195008 |
||